| 000 | 00396nam a2200145Ia 4500 | ||
|---|---|---|---|
| 005 | 20250729165754.0 | ||
| 008 | 250729s2012 xx 000 0 und d | ||
| 041 | _aeng | ||
| 082 | _a500 COMM | ||
| 100 |
_aCommisionarate of Pre University _9232619 |
||
| 245 | _aMathematics - I P U C | ||
| 260 |
_aBangalore _bKarnataka Text Book Socity _c2012 |
||
| 300 | _a320p | ||
| 650 |
_aMathematics _9232620 |
||
| 999 |
_c239873 _d239873 |
||